| 000 | 00414nam a2200157Ia 4500 | ||
|---|---|---|---|
| 008 | 230711s9999||||xx |||||||||||||| ||und|| | ||
| 041 | _aENG | ||
| 082 |
_a621 _bRA-F |
||
| 100 | _aAl-Rifaie,,Wail N | ||
| 245 | 0 | _aFinite Element Methods-(For Structural Engineers) | |
| 250 | _a1st Ed. | ||
| 260 |
_c1992 _aNew Delhi _bWiley Eastern Limited |
||
| 650 | _aCivil Engineering | ||
| 700 | _aGovil,Ashok K | ||
| 942 | _cBK | ||
| 999 |
_c2709 _d2709 |
||